Statistics for They Shoot Pictures, Don't They? - films 201 to 220

Click here to take the quiz!

General Stats

  • This quiz has been taken 36 times
  • The average score is 8 of 20

Answer Stats

Answer% Correct
Raiders of the Lost Ark
100%
The Great Dictator
80%
King Kong
73%
The Thing
60%
Solaris
50%
On the Waterfront
47%
Moonlight
40%
Paris, Texas
40%
Wings of Desire
40%
Le Samouraï
37%
Breaking the Waves
23%
The Gleaners and I
23%
Death in Venice
20%
News from Home
20%
The Life and Death of Colonel Blimp
20%
Umberto D.
20%
Zero for Conduct
20%
Vagabond
17%
Wavelength
17%
The Life of Oharu
13%

Score Distribution

Percentile by Number Answered

Percent of People with Each Score

Your Score History

You have not taken this quiz